Datum a čas kvízu
35
Celkem bodů
Celkový počet nahraných bodů na tomto kvízu bez doplňovacích otázek.
2.
Pořadí na kvízu
Konečné umístění týmu na tomto kvízu.
Zaznamenané odpovědi
| # | Otázka | Odpověď | Body | Výsledky |
|---|---|---|---|---|
| 1. | Ministerstvo zdravotnictví chy... | Reklamy by neměly zobrazovat živé bytosti. | 0 | |
| 2. | O tom, že Pláničkova metoda zv... | Pomocí virtuální reality. | 1 | |
| 3. | Na televizní obrazovky se vrac... | Hana | 1 | |
| 4. | Francouzská skupina LVMH (Moët... | Tiffany (& Co.) | 1 | |
| 5. | Čeští basketbalisté od minuléh... | Uruguay, Turecko | 1 | |
| 6. | V tomto tématu se podíváme na... | A) pestík | 1 | |
| 7. | Časopis Květy je zřejmě nejsta... | A | 1 | |
| 8. | Jak se jmenuje tento pilot For... | Daniil Kvjat | 0 | |
| 9. | Z následujících rostlin vybert... | D | 0 | |
| 10. | Zřejmě nejslavnější českou fil... | dědeček vycinkal | 0 |